Diseño e implementación de un robot microcontrolado que no se cae de una mesa
保存先:
| 第一著者: | |
|---|---|
| その他の著者: | |
| フォーマット: | 図書 |
| 出版事項: |
[San José, Costa Rica]
2004
|
| 主題: | |
| タグ: |
タグ追加
タグなし, このレコードへの初めてのタグを付けませんか!
|
MARC
| LEADER | 00000nam a2200000Ia 4500 | ||
|---|---|---|---|
| 003 | 009309 | ||
| 005 | 20240529093014.0 | ||
| 008 | 140114s2004 cr a m 000 ||s d | ||
| 040 | |c cru CEDI | ||
| 090 | |a TFG 4848 | ||
| 100 | |a Hernández Coto, Carlos Enrique, 1980- |9 3150 | ||
| 245 | |a Diseño e implementación de un robot microcontrolado que no se cae de una mesa | ||
| 260 | |a [San José, Costa Rica] |c 2004 | ||
| 300 | |a ix, 64 hojas : ilustraciones (algunas a color) | ||
| 500 | |a Proyecto de graduación (bachillerato en ingeniería eléctrica)--Universidad de Costa Rica. Facultad de Ingeniería. Escuela de Ingeniería Eléctrica | ||
| 501 | |a Profesor Guía de Proyecto Eléctrico: Ing. Roberto Rodríguez Rodríguez | ||
| 650 | |x SISTEMAS DE CONTROL DE AUTOMATAS |x ROBOTS |x DISEÑO |9 4984 | ||
| 700 | |a Rodríguez Rodríguez, Roberto Alonso, 1979- |d Director de Proyecto Eléctrico |9 2252 | ||
| 942 | |c TFG |h TFG 4848 |i 009309 |6 TFG_4848_009309000000000 | ||
| 999 | |c 17585 |d 17585 | ||
